000 00652nam a2200217Ia 4500
003 GCL
008 140319s9999 xx 000 0 ara d
040 _aGCL /
_cGCL
082 0 4 _a320.157
_bب د
100 1 _aلطيف فرج (مترجم)
245 1 0 _aالدولة المستوردة : تغريب النظام السياسى /
_cلطيف فرج (مترجم)
700 1 _aبادى، برتران
300 _a307 ص
490 _aكتاب العالم الثالث
_v0
650 0 4 _aالسياسة
650 0 4 _aالسلطة
650 0 4 _aالاستبداد
650 0 4 _aالاقليمية
650 0 4 _aالسيادة
942 _2ddc
_cBK
999 _c51534
_d51534